| 000 | 00000nas 2200000za 4500 |
| 001 | 9.864322 |
| 003 | CaOODSP |
| 005 | 20221107161517 |
| 007 | cr ||||||||||| |
| 008 | 181106d19201932oncar p oss f000#b0eng|d |
| 040 | |aCaOODSP|beng |
| 043 | |an-cn--- |
| 086 | 1 |aCS35-205-PDF |
| 245 | 00|aPreliminary report on the sash, door & planing mill industry in Canada |h[electronic resource]. |
| 246 | 3 |aPreliminary report on the sash, door and planing mill industry in Canada |
| 246 | 10|aReport on the sash, door and planing mill-industry in Canada|f1934 |
| 246 | 16|aSash, door and planing mill industries|f1920 |
| 246 | 16|aSash, door and planing mill industry in Canada |
| 260 | |aOttawa : |bDominion Bureau of Statistics, Census of Industry, |c[1922]-1934. |
| 300 | |a9 v. |
| 310 | |aAnnual |
| 362 | 0 |a1920-1932. |
| 500 | |aTitle from cover. |
| 500 | |aIssues for 1925/26-1928/29 have title: Report on the sash, door & planing-mill industry in Canada. |
| 500 | |aDigitized edition from print [produced by Statistics Canada] |
| 515 | |aIssues for 1921-1923 not published. |
| 515 | |aIssues for 1924/25-1932 cover a period of two years. |
| 550 | |aIssues for 1924/25-1929/30 published by Forest Products Branch; 1931-1932 by Forestry Branch. |
| 580 | |aContinues: Planing mills, sash and door factories, etc. |
| 580 | |aContinued by: Sash, door and planing-mill industry in Canada. |
| 692 | 07|2gccst|aWoodworking industry |
| 710 | 1 |aCanada. |bDominion Bureau of Statistics.|bForest Products Branch. |
| 710 | 1 |aCanada. |bDominion Bureau of Statistics. |bForestry Branch. |
| 710 | 1 |aCanada.|bCensus of Industry. |
| 780 | 00|tPlaning mills, sash and door factories, etc. |w(CaOODSP)9.864329 |
| 785 | 00|tSash, door, and planing-mill industry in Canada |w(CaOODSP)9.864310 |